Metodos de las Ciencias Sociales / (Record no. 26198)

MARC details
000 -LEADER
campo de control de longitud fija 00710ntaaa2200229 4500
003 - IDENTIFICADOR DE NÚMERO DE CONTROL
campo de control 01
005 - FECHA Y HORA DE LA ÚLTIMA TRANSACCIÓN
campo de control 20251027203058.0
008 - DATOS DE LONGITUD FIJA--INFORMACIÓN GENERAL
campo de control de longitud fija 0714s1973 ag 01
020 ## - NÚMERO INTERNACIONAL ESTÁNDAR DEL LIBRO
Número Internacional Estándar del Libro 8434416891
040 ## - FUENTE DE CATALOGACIÓN
Centro catalogador/agencia de origen AR-BaBN
Lengua de catalogación spa
Centro/agencia transcriptor AR-BaBN
Normas de descripción aacr
Centro/agencia modificador RIC
082 ## - NÚMERO DE LA CLASIFICACIÓN DECIMAL DEWEY
Número de clasificación 300.1800 D95m
100 ## - ENTRADA PRINCIPAL--NOMBRE DE PERSONA
Nombre de persona Duverger, Maurice
9 (RLIN) 32143
245 ## - MENCIÓN DEL TÍTULO
Título Metodos de las Ciencias Sociales /
Mención de responsabilidad, etc. Maurice Duverger, Enrique Tierno Galvan,
250 ## - MENCION DE EDICION
Mención de edición 1 ed.
260 ## - PUBLICACIÓN, DISTRIBUCIÓN, ETC.
Lugar de publicación, distribución, etc. Barcelona :
Nombre del editor, distribuidor, etc. Ariel,
Fecha de publicación, distribución, etc. 1996
300 ## - DESCRIPCIÓN FÍSICA
Extensión 593 p ;
Dimensiones graficos ; 21 cm
500 ## - NOTA GENERAL
Nota general Contiene bibliografias anotadas e indices
650 ## - PUNTO DE ACCESO ADICIONAL DE MATERIA--TÉRMINO DE MATERIA
Término de materia o nombre geográfico como elemento de entrada Ciencias Sociales-Metodo
9 (RLIN) 32144
650 ## - PUNTO DE ACCESO ADICIONAL DE MATERIA--TÉRMINO DE MATERIA
Término de materia o nombre geográfico como elemento de entrada Metodologia de la Investigacion
9 (RLIN) 32145
700 ## - ENTRADA AGREGADA--NOMBRE PERSONAL
Nombre de persona Tierno Galvan, Enrique
9 (RLIN) 32146
942 ## - ELEMENTOS DE ENTRADA SECUNDARIOS (KOHA)
Tipo de ítem Koha Colección General
Holdings
Estatus retirado Estado de pérdida Estado de daño No para préstamo Biblioteca de origen Biblioteca actual Fecha de adquisición Número de inventario Total de préstamos Signatura topográfica completa Código de barras Visto por última vez Precio de reemplazo Tipo de ítem Koha
        Biblioteca Pluis Biblioteca Pluis 27/10/2025 41987   300.1800 D95m 41987 27/10/2025 27/10/2025 RESERVADO